000 00504nam a2200181Ia 4500
003 GCL
008 140319s9999 xx 000 0 ara d
040 _aGCL /
_cGCL
082 0 4 _a813.03
_bم ن
100 1 _aمحمود تيمور
245 1 0 _aنداء المجهول /
_cمحمود تيمور
300 _a170 ص
490 _aمكتبة الاسرة
_v0
650 0 4 _aالادب العربى
650 0 4 _aالقصص العربية
650 0 4 _aالرواية العربية
942 _2ddc
_cBK
999 _c50711
_d50711